| 000 | 00582nam a22002297a 4500 | ||
|---|---|---|---|
| 003 | OSt | ||
| 005 | 20140310183115.0 | ||
| 008 | 130131t xxu||||| |||| 00| 0 eng d | ||
| 020 | _a9712336042 | ||
| 050 |
_aPN6014 _b.L139 2003 |
||
| 082 |
_aFIL 808.8 _2L11 2003 |
||
| 245 |
_aThe literatures of the world _cLacia, Ferdilyn |
||
| 260 |
_aManila _bRex Book Store _cc2003 |
||
| 300 |
_axxiii, 255 p. _c22 cm. |
||
| 521 | _acollege students | ||
| 526 | _c1210L-1700L | ||
| 541 | _j1 | ||
| 541 | _j2 | ||
| 541 | _j3 | ||
| 562 | _e3 | ||
| 942 |
_2lcc _cBK _kFIL |
||
| 999 |
_c18892 _d18892 |
||